[Event "Mercredi 2014.05.14 ABCD"]
[Site "Montreal CAN"]
[Date "2014.06.04"]
[Round "4"]
[White "Gauthier, Luc"]
[Black "Salazar, Andres"]
[Result "1-0"]
[WhiteElo "1757"]
[BlackElo "1777"]
[PlyCount "47"]
[EventDate "2014.05.14"]
[EventType "tourn"]
[EventRounds "5"]
[EventCountry "CAN"]

1. e4 c5 2. d4 cxd4 3. c3 dxc3 4. Nxc3 a6 5. Nf3 Nc6 6. Bc4 b5 7. Bb3 Bb7 8.
O-O e6 9. Qe2 Qc7 10. Be3 Nf6 11. Rac1 Qb8 12. Rfd1 h6 13. Nd5 exd5 14. exd5
Ne5 15. Ba7 Rxa7 16. Nxe5 Be7 17. d6 Ne4 18. Bxf7+ Kd8 19. dxe7+ Kxe7 20. Rxd7+
Kf6 21. Ng4+ Kg5 22. Qe3+ Kxg4 23. Be6+ Kh5 24. Qh3+ 1-0

[Event "Mercredi 2014.05.14 ABCD"]
[Site "Montreal CAN"]
[Date "2014.06.04"]
[Round "4"]
[White "Gunapalan, David"]
[Black "Brassard, Sylvain"]
[Result "1-0"]
[WhiteElo "1871"]
[BlackElo "1782"]
[PlyCount "80"]
[EventDate "2014.05.14"]
[EventType "tourn"]
[EventRounds "5"]
[EventCountry "CAN"]

1. e4 e6 2. Nc3 d5 3. Nf3 Nf6 4. e5 Nfd7 5. d4 c5 6. dxc5 Bxc5 7. Bd3 Nc6 8.
Qe2 a6 9. Bf4 O-O 10. Bxh7+ Kxh7 11. Ng5+ Kg6 12. h4 Ndxe5 13. Bxe5 Nxe5 14.
Qxe5 Qf6 15. Qg3 Kh6 16. f4 Qd4 17. Nf3 Qf6 18. Ne5 Qf5 19. O-O-O f6 20. Nd3
Bd4 21. Ne2 Bb6 22. Nf2 Bd7 23. Qf3 Rac8 24. c3 Bxf2 25. g4 Be3+ 26. Qxe3 Qxg4
27. Rdg1 Qf5 28. Ng3 Qg4 29. Ne4 d4 30. Qd2 Qf3 31. f5+ Kh7 32. Ng5+ fxg5 33.
hxg5+ Kg8 34. Qxd4 Rcd8 35. Qh4 Kf7 36. fxe6+ Kxe6 37. Qc4+ Ke5 38. Re1+ Kf5
39. Ref1 Qxf1+ 40. Rxf1+ Kxg5 1-0

[Event "Mercredi 2014.05.14 ABCD"]
[Site "Montreal CAN"]
[Date "2014.06.04"]
[Round "4"]
[White "Khudaverdian, Berj"]
[Black "Zumsteg, Nicolas"]
[Result "0-1"]
[WhiteElo "1685"]
[BlackElo "1708"]
[PlyCount "92"]
[EventDate "2014.05.14"]
[EventType "tourn"]
[EventRounds "5"]
[EventCountry "CAN"]

1. Nf3 d5 2. g3 g6 3. Bg2 Bg7 4. O-O Nf6 5. d3 O-O 6. Nbd2 c6 7. e4 dxe4 8.
dxe4 Nbd7 9. Qe2 Qc7 10. Re1 e5 11. b3 b5 12. Bb2 Bb7 13. Rad1 Rfd8 14. c4 a6
15. h3 h6 16. c5 a5 17. Qe3 Nh7 18. h4 Nhf8 19. Bh3 Bc8 20. Kh2 f6 21. a3 Nb8
22. Bxc8 Qxc8 23. b4 axb4 24. axb4 Ra4 25. Qc3 Na6 26. Ba3 Rd7 27. Qb3+ Kh7 28.
Nc4 Rxd1 29. Nb6 Qe6 30. Qxe6 Nxe6 31. Nxa4 Rxe1 32. Nxe1 bxa4 33. Nd3 Nd4 34.
f4 exf4 35. gxf4 Nc2 36. Bb2 a3 37. Bc3 a2 38. b5 cxb5 39. c6 b4 40. Bb2 f5 41.
e5 Bf8 42. e6 a1=Q 43. Bxa1 Nxa1 44. Kg2 Kg7 45. Kh3 h5 46. Ne5 b3 0-1

[Event "Mercredi 2014.05.14 ABCD"]
[Site "Montreal CAN"]
[Date "2014.06.04"]
[Round "4"]
[White "Millette, Sylvain"]
[Black "Struben, Jeroen"]
[Result "0-1"]
[WhiteElo "1749"]
[BlackElo "1716"]
[PlyCount "68"]
[EventDate "2014.05.14"]
[EventType "tourn"]
[EventRounds "5"]
[EventCountry "CAN"]

1. Nf3 g6 2. g3 Bg7 3. d4 c5 4. Bg2 d5 5. O-O Nc6 6. Be3 Nf6 7. h3 O-O 8. Ne5
cxd4 9. Bxd4 Nxd4 10. Qxd4 Ne4 11. Kh2 Qc7 12. f4 e6 13. c3 b6 14. Bxe4 dxe4
15. Qxe4 Bb7 16. Qe3 Rad8 17. Nf3 Rd5 18. Nbd2 Rfd8 19. Nb3 Qc6 20. Rf2 Rd1 21.
Rxd1 Rxd1 22. Nbd2 Qd5 23. Nb3 Rb1 24. Qd3 Qxd3 25. exd3 Bxf3 26. Rxf3 Rxb2+
27. Kg1 Bxc3 28. d4 Bb4 29. Rf2 Rb1+ 30. Kg2 Rd1 31. Rf3 a5 32. Kf2 a4 33. Ke2
axb3 34. Rxb3 Rxd4 0-1

[Event "Mercredi 2014.05.14 ABCD"]
[Site "Montreal CAN"]
[Date "2014.06.04"]
[Round "4"]
[White "Nardone, Raul"]
[Black "Barko, Maxim"]
[Result "0-1"]
[WhiteElo "1876"]
[BlackElo "1880"]
[PlyCount "60"]
[EventDate "2014.05.14"]
[EventType "tourn"]
[EventRounds "5"]
[EventCountry "CAN"]

1. e4 e6 2. d3 c5 3. Nf3 Nc6 4. g3 g6 5. Bg2 Bg7 6. O-O d6 7. Re1 Rb8 8. c3 e5
9. h3 Nf6 10. Nbd2 O-O 11. Nf1 b5 12. d4 exd4 13. cxd4 Nd7 14. Bg5 Qa5 15. d5
Nb4 16. a3 Na6 17. Be7 Bxb2 18. Bxf8 Nxf8 19. e5 Bxa1 20. Qxa1 Qc7 21. exd6
Qxd6 22. Ne5 Rb7 23. Nc6 c4 24. Re8 Bf5 25. Ne3 Nc5 26. Rd8 Rd7 27. Nxf5 gxf5
28. Rc8 f6 29. Nd4 Nb3 30. Ne6 Nxa1 0-1

[Event "Mercredi 2014.05.14 ABCD"]
[Site "Montreal CAN"]
[Date "2014.06.04"]
[Round "4"]
[White "O'Connor, Michael"]
[Black "Abdelaal, Ibrahim"]
[Result "1/2-1/2"]
[WhiteElo "1853"]
[BlackElo "1794"]
[PlyCount "56"]
[EventDate "2014.05.14"]
[EventType "tourn"]
[EventRounds "5"]
[EventCountry "CAN"]

1. e4 c5 2. Ne2 e6 3. g3 d5 4. Bg2 dxe4 5. Nbc3 f5 6. O-O Nf6 7. d3 exd3 8. Nf4
dxc2 9. Qxd8+ Kxd8 10. Nxe6+ Kd7 11. Nxf8+ Rxf8 12. Be3 Na6 13. Rac1 Re8 14.
Rxc2 h6 15. h4 Ne4 16. Nxe4 fxe4 17. Bxc5 Nxc5 18. Rxc5 Kd6 19. Rc4 Bf5 20. Rb4
Rab8 21. Rd1+ Ke5 22. Re1 b6 23. Bxe4 Kf6 24. f3 Rbd8 25. Rc4 Rd2 26. Rc6+ Re6
27. Rxe6+ Bxe6 28. a4 Rxb2 1/2-1/2

[Event "Mercredi 2014.05.14 ABCD"]
[Site "Montreal CAN"]
[Date "2014.06.04"]
[Round "4"]
[White "Ouellet, Maili-Jade"]
[Black "Mireault, Sylvain"]
[Result "0-1"]
[WhiteElo "1746"]
[BlackElo "1717"]
[PlyCount "120"]
[EventDate "2014.05.14"]
[EventType "tourn"]
[EventRounds "5"]
[EventCountry "CAN"]

1. d4 Nf6 2. c4 g6 3. Nc3 Bg7 4. e4 O-O 5. f4 d6 6. Nf3 c5 7. d5 Na6 8. Be2 Nc7
9. O-O a6 10. a4 Rb8 11. h3 b5 12. axb5 axb5 13. cxb5 Bd7 14. e5 Nfe8 15. g4
Bxb5 16. Bxb5 Nxb5 17. Ne4 Nec7 18. exd6 exd6 19. Kh1 Nd4 20. Nc3 Re8 21. Qd3
Re7 22. f5 Nb3 23. Rb1 Nxc1 24. Rfxc1 Qd7 25. fxg6 hxg6 26. Rd1 Rbe8 27. Qf1
Re3 28. Rbc1 f5 29. g5 f4 30. Rd2 Qf5 31. Kg1 Rxf3 32. Qxf3 Re3 33. Qf1 Rxh3
34. Rh2 Rg3+ 35. Kh1 Bd4 36. Qe2 Re3 37. Qc2 Qf7 38. Rh6 Kf8 39. Qxg6 Rh3+ 40.
Kg2 Rg3+ 41. Kh2 Qxg6 42. Rxg6 Be5 43. Ne4 Rb3 44. Rc2 Nxd5 45. Nxd6 f3+ 46.
Kh1 Re3 47. Kg1 Re2 48. Rc1 Bd4+ 49. Kh1 f2 50. Rf1 Re1 51. Kg2 Nf4+ 52. Kf3
Nxg6 53. Rxf2 Ne5+ 54. Kg2+ Bxf2 55. Kxf2 Nd3+ 56. Kf3 Nxb2 57. Kf4 c4 58. g6
c3 59. Nf5 Rf1+ 60. Kg5 Rxf5+ 0-1

[Event "Mercredi 2014.05.14 ABCD"]
[Site "Montreal CAN"]
[Date "2014.06.04"]
[Round "4"]
[White "Tremblay, Alain"]
[Black "Lebeau, Gilbert"]
[Result "1-0"]
[WhiteElo "2174"]
[BlackElo "2013"]
[PlyCount "65"]
[EventDate "2014.05.14"]
[EventType "tourn"]
[EventRounds "5"]
[EventCountry "CAN"]

1. e4 e6 2. d4 d5 3. e5 c5 4. c3 Nc6 5. Nf3 Qb6 6. a3 cxd4 7. cxd4 Bd7 8. Nc3
a6 9. Be3 Nh6 10. Bd3 Rc8 11. Na4 Qc7 12. Rc1 Ng4 13. Bf4 f6 14. h3 fxe5 15.
hxg4 exf4 16. Bg6+ Kd8 17. b4 b5 18. Nc5 Bxc5 19. Rxc5 Qd6 20. Ng5 Be8 21. Bf7
Bd7 22. Bg6 Be8 23. Bxe8 Kxe8 24. O-O Kf8 25. Qc1 h6 26. Nf3 Ke7 27. Re1 Kd7
28. Qc2 Rhe8 29. Qg6 Qf8 30. Rec1 Kd6 31. Qc2 Na7 32. Rc7 e5 33. dxe5+ 1-0

[Event "Mercredi 2014.05.14 ABCD"]
[Site "Montreal CAN"]
[Date "2014.06.11"]
[Round "5"]
[White "Abdelaal, Ibrahim"]
[Black "Gauthier, Luc"]
[Result "1/2-1/2"]
[WhiteElo "1794"]
[BlackElo "1757"]
[PlyCount "48"]
[EventDate "2014.05.14"]
[EventType "tourn"]
[EventRounds "5"]
[EventCountry "CAN"]

1. e4 Nf6 2. e5 Nd5 3. Nc3 Nb6 4. Nf3 d6 5. d4 Bg4 6. exd6 exd6 7. Be2 Be7 8.
O-O O-O 9. h3 Bh5 10. Ne4 N8d7 11. Ng3 Bg6 12. Bd3 Re8 13. Re1 Nf8 14. c3 Qd7
15. Bxg6 Nxg6 16. Qd3 Nd5 17. Qf5 Qxf5 18. Nxf5 Bf6 19. Bg5 Bxg5 20. Nxg5 Ndf4
21. Re3 h6 22. Nf3 Nd5 23. Rxe8+ Rxe8 24. Re1 Rxe1+ 1/2-1/2

[Event "Mercredi 2014.05.14 ABCD"]
[Site "Montreal CAN"]
[Date "2014.06.11"]
[Round "5"]
[White "Barko, Maxim"]
[Black "Nunez, Omar"]
[Result "0-1"]
[WhiteElo "1880"]
[BlackElo "1959"]
[PlyCount "94"]
[EventDate "2014.05.14"]
[EventType "tourn"]
[EventRounds "5"]
[EventCountry "CAN"]

1. d4 g6 2. c4 Bg7 3. Nc3 c5 4. d5 d6 5. e4 Nf6 6. f3 Na6 7. Be3 Nc7 8. Bd3 a6
9. a4 b6 10. Nge2 Rb8 11. Nc1 e6 12. dxe6 fxe6 13. Qd2 Qe7 14. O-O O-O 15. N1a2
a5 16. Rad1 Bb7 17. Bg5 Rbd8 18. Bc2 Qf7 19. Qf4 e5 20. Qh4 Ne6 21. Be3 Nd4 22.
Bd3 Nh5 23. Bg5 Rd7 24. Nd5 Bxd5 25. exd5 Nf4 26. Nc3 Nxd3 27. Rxd3 Nf5 28. Qe1
h6 29. Bc1 g5 30. Ne4 Qg6 31. Qd1 Rdf7 32. Qb3 Nd4 33. Qxb6 Qxe4 34. Re3 Qc2
35. Qxa5 Ne2+ 36. Kh1 Qxc4 37. Qe1 Nxc1 38. Qxc1 Qxa4 39. Ra3 Qb5 40. Re1 Rb7
41. Ra2 Qb4 42. Re4 Qb3 43. Qb1 c4 44. Qc1 c3 45. bxc3 Qxd5 46. c4 Qd3 47. Rb2
Rxb2 0-1

[Event "Mercredi 2014.05.14 ABCD"]
[Site "Montreal CAN"]
[Date "2014.06.11"]
[Round "5"]
[White "Brassard, Sylvain"]
[Black "O'Connor, Michael"]
[Result "1-0"]
[WhiteElo "1782"]
[BlackElo "1853"]
[PlyCount "63"]
[EventDate "2014.05.14"]
[EventType "tourn"]
[EventRounds "5"]
[EventCountry "CAN"]

1. d4 Nf6 2. Bg5 c5 3. Bxf6 gxf6 4. c3 cxd4 5. cxd4 Qb6 6. Qd2 d5 7. Nc3 e6 8.
e3 Bd7 9. g3 Na6 10. a3 h5 11. h4 O-O-O 12. Nge2 Bc6 13. b4 Nc7 14. Rb1 a6 15.
Qc2 Kb8 16. Qb2 e5 17. a4 Bd7 18. Qb3 Bf5 19. Rb2 Bd3 20. Bg2 Bc4 21. a5 Qd6
22. Qa4 Bh6 23. O-O Nb5 24. Rd1 exd4 25. Rxd4 Nxd4 26. Nxd4 Qe5 27. b5 Qe8 28.
bxa6 Qxa4 29. Rxb7+ Ka8 30. Nxa4 Bxa6 31. Rxf7 Bc4 32. Nc6 1-0

[Event "Mercredi 2014.05.14 ABCD"]
[Site "Montreal CAN"]
[Date "2014.06.11"]
[Round "5"]
[White "Heredia, Jose"]
[Black "Beaulieu, Pierre"]
[Result "0-1"]
[WhiteElo "1906"]
[BlackElo "1948"]
[PlyCount "124"]
[EventDate "2014.05.14"]
[EventType "tourn"]
[EventRounds "5"]
[EventCountry "CAN"]

1. e4 b6 2. d4 Bb7 3. Bd3 e6 4. Nf3 d5 5. e5 c5 6. c3 Nc6 7. O-O h5 8. Be3 c4
9. Bc2 Be7 10. Re1 Nh6 11. h3 g6 12. Bxh6 Rxh6 13. Qc1 Rh7 14. Ba4 a6 15. Bxc6+
Bxc6 16. a4 Qd7 17. Qc2 Rb8 18. Nbd2 Rh8 19. b3 cxb3 20. Qxb3 Kf8 21. a5 b5 22.
Reb1 Kg7 23. Ne1 b4 24. Nd3 bxc3 25. Qxc3 Bb5 26. Nb3 Rhc8 27. Ndc5 Qa7 28. Qf3
Bc4 29. Rc1 Rb4 30. Rc3 Rcb8 31. Nd2 Bxc5 32. Qf6+ Kg8 33. dxc5 Qxc5 34. Rac1
Qxa5 35. Nxc4 Rxc4 36. Rxc4 dxc4 37. Rxc4 Qd8 38. Qxd8+ Rxd8 39. Ra4 Ra8 40. f4
a5 41. Kf2 Kg7 42. g4 hxg4 43. hxg4 Kf8 44. Ke3 Ke7 45. Kd4 Rd8+ 46. Ke4 Rd5
47. g5 Kd7 48. Rc4 Rb5 49. Rd4+ Kc7 50. Rd6 a4 51. Ra6 Rb4+ 52. Ke3 Kb7 53. Ra5
Kb6 54. Ra8 Kb5 55. Ra7 Kc4 56. Rxf7 a3 57. Rc7+ Kb3 58. Rd7 a2 59. Rd1 Kb2 60.
Kf3 a1=Q 61. Rxa1 Kxa1 62. f5 exf5 0-1

[Event "Mercredi 2014.05.14 ABCD"]
[Site "Montreal CAN"]
[Date "2014.06.11"]
[Round "5"]
[White "Jacquet, Stephane"]
[Black "Tremblay, Alain"]
[Result "1-0"]
[WhiteElo "2071"]
[BlackElo "2174"]
[PlyCount "117"]
[EventDate "2014.05.14"]
[EventType "tourn"]
[EventRounds "5"]
[EventCountry "CAN"]

1. d4 d5 2. c4 c6 3. Nc3 Nf6 4. Nf3 a6 5. c5 Bf5 6. Bf4 Nbd7 7. h3 h6 8. e3 Ne4
9. Nxe4 Bxe4 10. Qa4 e6 11. Be2 Be7 12. O-O O-O 13. Ne5 Nxe5 14. Bxe5 Re8 15.
Qb3 Qc8 16. Rac1 Bd8 17. Bd3 Bxd3 18. Qxd3 f5 19. g4 Rf8 20. f4 Qd7 21. Kh2 Bf6
22. Bd6 Be7 23. Be5 Bf6 24. Bxf6 Rxf6 25. Rg1 fxg4 26. Rxg4 Raf8 27. Rcg1 R8f7
28. b4 Qc7 29. a4 Qd7 30. Qe2 Qe8 31. Qe1 Qe7 32. b5 axb5 33. axb5 cxb5 34. Qa5
Qd7 35. Rb1 Rf8 36. Qxb5 R6f7 37. Rg6 Qc8 38. Qb6 Re7 39. Qd6 Rfe8 40. Rbg1 Kh8
41. f5 Qb8 42. fxe6 Qc8 43. Qxd5 Rxe6 44. Rxe6 Rxe6 45. e4 b6 46. Ra1 Qc7+ 47.
e5 Re8 48. Ra8 Rxa8 49. Qxa8+ Kh7 50. Qe4+ g6 51. c6 Qf7 52. Qe3 Qd5 53. e6
Qxc6 54. e7 Qe8 55. Qe5 b5 56. d5 b4 57. d6 b3 58. d7 Qf7 59. Qh8+ 1-0

[Event "Mercredi 2014.05.14 ABCD"]
[Site "Montreal CAN"]
[Date "2014.06.11"]
[Round "5"]
[White "Lebeau, Gilbert"]
[Black "Boudreau, Daniel"]
[Result "0-1"]
[WhiteElo "2013"]
[BlackElo "2080"]
[PlyCount "114"]
[EventDate "2014.05.14"]
[EventType "tourn"]
[EventRounds "5"]
[EventCountry "CAN"]

1. d4 Nf6 2. c4 e6 3. Nc3 Bb4 4. f3 d5 5. a3 Bxc3+ 6. bxc3 Nh5 7. Kf2 Qh4+ 8.
g3 Nxg3 9. hxg3 Qxh1 10. Nh3 e5 11. Ng1 exd4 12. Qxd4 O-O 13. cxd5 Rd8 14. Bb2
Qh2+ 15. Bg2 Qh5 16. c4 f6 17. e4 Nc6 18. Qc3 Ne5 19. Ne2 Qf7 20. Nf4 c6 21.
Nd3 Nxd3+ 22. Qxd3 cxd5 23. cxd5 Bd7 24. Re1 Rac8 25. f4 Ba4 26. Bh3 Bd7 27.
Bg2 Bg4 28. Kg1 Qg6 29. Bc3 h5 30. Qd4 h4 31. Re3 h3 32. Bf1 a6 33. Bd3 Qh5 34.
Kh2 Bf3 35. Bf1 b5 36. d6 Bg2 37. Bxg2 hxg2+ 38. Kxg2 Rd7 39. e5 Rcd8 40. Bb4
fxe5 41. fxe5 Qf5 42. Qd5+ Rf7 43. Rf3 Qxf3+ 44. Qxf3 Rxf3 45. Kxf3 Kf7 46. Ke4
Ke6 47. Kd4 Rc8 48. Bc5 Rc6 49. Bb4 Rc4+ 50. Ke3 Rc1 51. Kd4 Rg1 52. Kc5 Rxg3
53. Kc6 Rg4 54. Kb6 Re4 55. Kxa6 Rxe5 56. Kb6 g5 57. Kc7 Rd5 0-1

[Event "Mercredi 2014.05.14 ABCD"]
[Site "Montreal CAN"]
[Date "2014.06.11"]
[Round "5"]
[White "Lopez Linares, Lizandro"]
[Black "Cloutier, Mathieu"]
[Result "1-0"]
[WhiteElo "2039"]
[BlackElo "2039"]
[PlyCount "89"]
[EventDate "2014.05.14"]
[EventType "tourn"]
[EventRounds "5"]
[EventCountry "CAN"]

1. d4 Nf6 2. Nf3 c5 3. c3 b6 4. Bf4 Ba6 5. Nbd2 e6 6. Qa4 b5 7. Qb3 c4 8. Qc2
Nd5 9. Bg3 Be7 10. e4 Nf6 11. a4 d5 12. axb5 Bxb5 13. b3 dxe4 14. Nxe4 Nxe4 15.
Qxe4 Bc6 16. Qc2 cxb3 17. Qxb3 O-O 18. Be2 Nd7 19. O-O a5 20. c4 Bb4 21. Rfd1
Qb6 22. Rab1 Be4 23. Rb2 Qa7 24. h4 Rfc8 25. Ng5 Bb7 26. c5 Bd5 27. Qc2 g6 28.
Ra1 Qb7 29. Bf3 Nb6 30. h5 Bxf3 31. hxg6 hxg6 32. gxf3 Qd5 33. Ne4 Qxd4 34. Rd1
Bxc5 35. Rxd4 Bxd4 36. Qb1 Bxb2 37. Qxb2 Nc4 38. Qf6 Ra7 39. Bf4 Kh7 40. Ng5+
Kg8 41. Nxe6 fxe6 42. Qxe6+ Kh7 43. Qxc8 a4 44. Qxc4 a3 45. Be5 1-0

[Event "Mercredi 2014.05.14 ABCD"]
[Site "Montreal CAN"]
[Date "2014.06.11"]
[Round "5"]
[White "Mireault, Sylvain"]
[Black "Khudaverdian, Berj"]
[Result "0-1"]
[WhiteElo "1717"]
[BlackElo "1685"]
[PlyCount "120"]
[EventDate "2014.05.14"]
[EventType "tourn"]
[EventRounds "5"]
[EventCountry "CAN"]

1. Nf3 d6 2. g3 g6 3. Bg2 Bg7 4. O-O Nf6 5. d3 O-O 6. e4 Nbd7 7. c3 e5 8. Nbd2
b6 9. Qc2 Ba6 10. Nb3 h6 11. Re1 Bb7 12. Bd2 a5 13. a4 Kh7 14. Rad1 Bc6 15. Nc1
Nc5 16. b3 Qd7 17. Nh4 Nh5 18. Be3 Ne6 19. d4 Ng5 20. dxe5 Rae8 21. f4 Nh3+ 22.
Kh1 Qg4 23. Bf3 Nxg3+ 24. Kg2 Bxe4 25. Qxe4 Nxe4+ 26. Bxg4 Nxc3 27. Rd3 dxe5
28. fxe5 Bxe5 29. Bxh3 Ne4 30. Nf3 Bd6 31. Bd4 f5 32. Red1 g5 33. Nd2 g4 34.
Nxe4 Rxe4 35. Re3 gxh3+ 36. Kxh3 Rg4 37. Ne2 Rfg8 38. Ng3 f4 39. Re4 R4g5 40.
Bf6 fxg3 41. Bxg5 Rxg5 42. Rxd6 cxd6 43. hxg3 Re5 44. Rc4 Re3 45. Rc6 Rxb3 46.
Rxd6 Rb4 47. Rd7+ Kg6 48. Rd6+ Kg5 49. Rd5+ Kf6 50. Rd6+ Kg7 51. Rd7+ Kf8 52.
Rh7 Rxa4 53. Rxh6 Rb4 54. g4 Kg7 55. Rc6 a4 56. Kh4 a3 57. Kh5 a2 58. Rc7+ Kf8
59. Rc8+ Ke7 60. Rc1 Rb1 0-1

[Event "Mercredi 2014.05.14 ABCD"]
[Site "Montreal CAN"]
[Date "2014.06.11"]
[Round "5"]
[White "Struben, Jeroen"]
[Black "Ouellet, Maili-Jade"]
[Result "0-1"]
[WhiteElo "1716"]
[BlackElo "1746"]
[PlyCount "58"]
[EventDate "2014.05.14"]
[EventType "tourn"]
[EventRounds "5"]
[EventCountry "CAN"]

1. d4 d5 2. c4 e6 3. Nf3 c6 4. e3 Nf6 5. b3 Nbd7 6. Bb2 Bd6 7. Bd3 O-O 8. O-O
Ne4 9. Qc2 f5 10. Ba3 c5 11. cxd5 exd5 12. Nc3 Qa5 13. Bb2 Ndf6 14. Ne5 cxd4
15. exd4 Be6 16. Nb5 Rac8 17. Qe2 Bb8 18. f3 a6 19. fxe4 fxe4 20. b4 Qb6 21.
Na3 Bxe5 22. Kh1 Bxh2 23. Rxf6 Rxf6 24. Bxe4 dxe4 25. Kxh2 Rh6+ 26. Kg1 Qd6 27.
g4 Bxg4 28. Nc4 Bxe2 29. Nxd6 Rxd6 0-1

[Event "Mercredi 2014.05.14 ABCD"]
[Site "Montreal CAN"]
[Date "2014.05.26"]
[Round "5"]
[White "Zumsteg, Nicolas"]
[Black "Millette, Sylvain"]
[Result "1/2-1/2"]
[WhiteElo "1708"]
[BlackElo "1749"]
[PlyCount "103"]
[EventDate "2014.05.14"]
[EventType "tourn"]
[EventRounds "5"]
[EventCountry "CAN"]

1. e4 Nf6 2. e5 Nd5 3. d4 d6 4. Nf3 Bg4 5. Be2 Nc6 6. O-O dxe5 7. Nxe5 Bxe2 8.
Nxc6 Bxd1 9. Nxd8 Rxd8 10. Rxd1 Nb4 11. Na3 a6 12. Bf4 Rd7 13. c3 Nd5 14. Bg3
e6 15. Nc4 Bd6 16. Nxd6+ cxd6 17. c4 Nf6 18. f3 O-O 19. c5 dxc5 20. dxc5 Nd5
21. Rac1 Rc8 22. Be1 Rdc7 23. b4 h6 24. a3 a5 25. g3 axb4 26. axb4 b6 27. Rb1
bxc5 28. b5 c4 29. Kf2 Rb7 30. Rdc1 c3 31. Rc2 Rc5 32. b6 Rc6 33. Rbc1 Nb4 34.
Rxc3 Nd3+ 35. Kf1 Rxc3 36. Rxc3 Nxe1 37. Kxe1 Rxb6 38. Rc8+ Kh7 39. Rc2 Rb1+
40. Kf2 Rb3 41. h3 g5 42. Rd2 e5 43. Kg2 Kg6 44. g4 Rb6 45. Kf2 h5 46. Re2 Re6
47. Ke3 hxg4 48. hxg4 f5 49. Ra2 fxg4 50. fxg4 Rb6 51. Ra4 Kf6 52. Ke4 1/2-1/2

[Event "Mercredi 2014.09.03 ABCDE"]
[Site "Montreal CAN"]
[Date "2014.09.03"]
[Round "1"]
[White "Barko, Maxim"]
[Black "Morin, Louis"]
[Result "0-1"]
[WhiteElo "1872"]
[BlackElo "1812"]
[PlyCount "44"]
[EventDate "2014.09.03"]
[EventType "tourn"]
[EventRounds "5"]
[EventCountry "CAN"]

1. d4 e5 2. dxe5 Nc6 3. Nf3 Qe7 4. Qd5 f6 5. exf6 Nxf6 6. Qb3 d5 7. Bf4 d4 8.
Na3 Bd7 9. Bxc7 Rc8 10. Nb5 Ne4 11. Bf4 Na5 12. Qa3 Bxb5 13. Qxa5 Qb4+ 14. Qxb4
Bxb4+ 15. Nd2 Rxc2 16. Rd1 O-O 17. f3 Rxf4 18. fxe4 Rxb2 19. e3 Rxf1+ 20. Rxf1
Bxf1 21. Kxf1 Rxd2 22. Rb1 a5 0-1

[Event "Mercredi 2014.09.03 ABCDE"]
[Site "Montreal CAN"]
[Date "2014.09.03"]
[Round "1"]
[White "Boudreau, Daniel"]
[Black "Tremblay, Alain"]
[Result "0-1"]
[WhiteElo "2075"]
[BlackElo "2149"]
[PlyCount "84"]
[EventDate "2014.09.03"]
[EventType "tourn"]
[EventRounds "5"]
[EventCountry "CAN"]

1. e4 c5 2. Nf3 e6 3. d4 cxd4 4. Nxd4 Nf6 5. Bd3 d6 6. O-O Be7 7. c4 O-O 8. Nc3
b6 9. f4 g6 10. f5 e5 11. Nc2 gxf5 12. exf5 Bb7 13. Bh6 Re8 14. Nd5 Bxd5 15.
cxd5 Kh8 16. Ne3 Rg8 17. Be2 Nbd7 18. Bh5 Bf8 19. Bxf8 Qxf8 20. Be2 Qh6 21. Nc4
Ne4 22. Bd3 b5 23. Bxe4 bxc4 24. Qe2 Nf6 25. Rac1 Rac8 26. Rc3 Qh4 27. Re3 Rg4
28. g3 Nxe4 29. Qg2 Rcg8 30. Rxe4 Rxe4 31. gxh4 Rxg2+ 32. Kxg2 Re2+ 33. Kf3
Rxb2 34. Rc1 Rb4 35. f6 h5 36. Ke4 Kh7 37. Kf5 Kh6 38. Rc3 Rb2 39. Rxc4 Rf2+
40. Ke4 Rf4+ 41. Kd3 Rxc4 42. Kxc4 Kg6 0-1

[Event "Mercredi 2014.09.03 ABCDE"]
[Site "Montreal CAN"]
[Date "2014.09.03"]
[Round "1"]
[White "Cardin, Guillaume"]
[Black "Weston, Paul"]
[Result "1-0"]
[WhiteElo "2011"]
[BlackElo "2015"]
[PlyCount "75"]
[EventDate "2014.09.03"]
[EventType "tourn"]
[EventRounds "5"]
[EventCountry "CAN"]

1. d4 e6 2. c4 c5 3. d5 exd5 4. cxd5 d6 5. Nc3 Nf6 6. Nf3 g6 7. g3 Bg7 8. Bg2
O-O 9. O-O Re8 10. Nd2 a6 11. a4 b6 12. Nc4 Bb7 13. Qb3 b5 14. axb5 Bf8 15. b6
Nbd7 16. Bf4 Qb8 17. Qa4 Rd8 18. e4 Nh5 19. Bg5 f6 20. Bd2 Ne5 21. Nxe5 dxe5
22. Bh3 Bd6 23. Bd7 Ng7 24. Bc6 Ne8 25. Qa5 Be7 26. Be3 Nd6 27. Bxc5 Nc4 28.
Qb4 Bxc5 29. Qxc5 Nd2 30. Rfd1 Nb3 31. Qe7 Nxa1 32. Bxb7 Re8 33. Qc7 Nc2 34.
Bxa8 Qxa8 35. d6 Nd4 36. Nd5 Nb5 37. Nxf6+ Kf8 38. Qxh7 1-0

[Event "Mercredi 2014.09.03 ABCDE"]
[Site "Montreal CAN"]
[Date "2014.09.03"]
[Round "1"]
[White "Cloutier, Mathieu"]
[Black "Pomerantz, Daniel"]
[Result "0-1"]
[WhiteElo "1993"]
[BlackElo "1899"]
[PlyCount "68"]
[EventDate "2014.09.03"]
[EventType "tourn"]
[EventRounds "5"]
[EventCountry "CAN"]

1. e4 c5 2. Nf3 Nc6 3. d4 cxd4 4. Nxd4 Nf6 5. Nc3 d6 6. Bg5 e6 7. Qd2 Be7 8. f4
O-O 9. O-O-O Nxd4 10. Qxd4 Qa5 11. Be2 a6 12. Qe3 b5 13. e5 dxe5 14. fxe5 Nd5
15. Nxd5 Bxg5 16. Qxg5 exd5 17. Rd3 b4 18. Rg3 g6 19. Kb1 Qd8 20. Qf4 f6 21.
exf6 Qxf6 22. Qxb4 Bf5 23. Qd2 Rab8 24. Rb3 a5 25. Rf1 Qe5 26. g4 a4 27. Qe3
Bxc2+ 28. Kc1 Be4 29. Rxf8+ Rxf8 30. Qg3 Qg5+ 31. Qe3 axb3 32. Qxg5 bxa2 33.
Qe5 a1=Q+ 34. Kd2 Qa7 0-1

[Event "Mercredi 2014.09.03 ABCDE"]
[Site "Montreal CAN"]
[Date "2014.09.03"]
[Round "1"]
[White "Forget, Luc"]
[Black "Nunez, Omar"]
[Result "0-1"]
[WhiteElo "1966"]
[BlackElo "1923"]
[PlyCount "94"]
[EventDate "2014.09.03"]
[EventType "tourn"]
[EventRounds "5"]
[EventCountry "CAN"]

1. d4 Nf6 2. c4 c5 3. d5 d6 4. Nc3 g6 5. e4 Bg7 6. Nf3 O-O 7. h3 Na6 8. Bd3 Nc7
9. O-O a6 10. Bg5 b5 11. b3 Rb8 12. Qd2 Re8 13. Rfe1 Nd7 14. Rad1 Rb6 15. Ne2
Bb7 16. Ng3 Qb8 17. Bh6 Ne5 18. Nxe5 dxe5 19. Be3 bxc4 20. Bxc4 Rf6 21. Bxc5
Nb5 22. Qb4 Nd4 23. Rc1 Bf8 24. Qd2 Bg7 25. Ne2 Nb5 26. f3 h5 27. a4 Nd6 28. b4
Bc8 29. Qd3 Bh6 30. Rc2 Nxc4 31. Rxc4 Bd7 32. Nc3 g5 33. Rf1 g4 34. fxg4 Rxf1+
35. Qxf1 hxg4 36. h4 Qb7 37. g3 Bc8 38. b5 axb5 39. axb5 Bd7 40. Qb1 Rc8 41.
Qb4 f5 42. Bxe7 Qa7+ 43. Kg2 Qe3 44. Rxc8+ Bxc8 45. Qc4 Qf3+ 46. Kg1 Be3+ 47.
Kh2 Qf2+ 0-1

[Event "Mercredi 2014.09.03 ABCDE"]
[Site "Montreal CAN"]
[Date "2014.09.03"]
[Round "1"]
[White "Fortin-Lavoie, Patrice"]
[Black "Baran, Marius"]
[Result "0-1"]
[WhiteElo "1854"]
[BlackElo "1812"]
[PlyCount "86"]
[EventDate "2014.09.03"]
[EventType "tourn"]
[EventRounds "5"]
[EventCountry "CAN"]

1. e4 c5 2. Nf3 d6 3. d4 cxd4 4. Nxd4 Nf6 5. Nc3 g6 6. Be2 Bg7 7. Be3 O-O 8.
Qd2 Nc6 9. O-O-O Bd7 10. h4 h5 11. f3 Nxd4 12. Bxd4 Qa5 13. Kb1 Rfc8 14. g4 Be6
15. gxh5 Nxh5 16. Bxg7 Kxg7 17. Rdg1 Bxa2+ 18. Kc1 Be6 19. Qd4+ Qe5 20. Qxe5+
dxe5 21. Nd5 Bxd5 22. exd5 Nf4 23. Bd1 Rc5 24. h5 Rh8 25. hxg6 Rxh1 26. Rxh1
Nxg6 27. c3 Rxd5 28. Bc2 b6 29. Be4 Rd6 30. Rh5 f6 31. Rh1 e6 32. Rg1 f5 33.
Bc2 Kf6 34. Rh1 Nf4 35. b4 Rc6 36. Kb2 Nd5 37. Bb3 Kg5 38. b5 Rc7 39. Rd1 Nxc3
40. Re1 Kf4 41. Bxe6 Nxb5 42. Bd5 Nd4 43. Ka3 Nc2+ 0-1